000 00975nam a2200313Ia 4500
003 OSt
005 20221007120904.0
006 a|||||r|||| 00| 0
007 ta
008 221006b |||||||| |||| 00| 0 eng d
020 _a9781904842132 (pbk)
_c995
024 _a80844
037 _b55715, 14/03/2008, Heritage Publishers
_cTextual
040 _aBDL
_cBDL
_beng
041 _2eng
_aeng
082 _aE92Z2, P8 Carb
100 _aO'Connor C D Ed.
245 0 _aProteomics
_b Hames B D Ed.
260 _aOxfordshire
_bScion Publishing Ltd
_c2008
300 _axxxii, 256p.
_ccm.
490 _aMethods express series
500 _aAppendix 1, 245-247p.; Index 249-256p.
650 _a Genetics
650 _a Proteomics
_9481323
650 _aChemistry
700 _a Hames B D Ed.
942 _hE92Z2, P8 Carb
_cTEXL
_2CC
999 _c1208147
_d1208147